| 000 | 00519nam a2200145 a 4500 | ||
|---|---|---|---|
| 008 | 120416s1983 ||||||||||||||||| || u | ||
| 050 | _aZ 710 Gat | ||
| 100 | _aGates, Jean Key | ||
| 245 | 1 | 0 | _aGuide to the use of libraries and information sources |
| 250 | _a5th ed. | ||
| 260 |
_aNew York _bMcGraw-Hill _c1983 |
||
| 300 | _axiv, 338p. : ill. | ||
| 350 | _a0.00 | ||
| 995 |
_D0.00 _FCBU-MAIN LIBRARY (Kitwe) _H1 _I15.95 _M1 _UAVAILABLE _ZAnnex Low-Usage Collection |
||
| 999 |
_c45144 _d45144 |
||